000
00296nam a22001337a 4500
008
181204b xxu||||| |||| 00| 0 eng d
020
_a
2900735518550
041
_a
eng
080
_2
4 TH
_a
341
100
_a
15
101
_a
JUR
245
_a
Perspective On Law
_c
Rabin.R.L
942
_2
udc
_c
BK
999
_c
52773
_d
52773